000 00885cab a2200277 4500
001 ABS58144
008 090401t1998 xxu||||| |||| 00| 0 eng d
035 _a(Sirsi) u83532
041 _aeng
100 _aWyman, V.
245 _aMake the right move
260 _c1998
350 _a0
490 _aManufacturing Management
_v7(1) January 1998, 19(1)
520 _aLooks at the benefits for manufacturers of relocation, the advantages of flexible buildings and the attraction of the UK for foreign investors.
650 _aFOREIGN INVESTORS
650 _aINDUSTRIAL BUILDINGS
650 _aINDUSTRIAL PROPERTY
650 _aINWARD INVESTMENT
650 _aMANUFACTURING SECTOR
650 _aOCCUPIERS REQUIREMENTS
650 _aRELOCATION
690 _aPROPERTY-COMMERCIAL PROPERTY-COMMERCIAL PROPERTY FINANCE AND INVESTMENT
942 _n0
948 _c04/02/1998
999 _c52762
_d52762